|
|
|
|
| LEADER |
00000cac a2200000 i 4500 |
| 003 |
Ucuenca |
| 005 |
20230308212112.0 |
| 007 |
ta |
| 008 |
000000|1954 sp |||||r|||||||||||spa|| |
| 040 |
|
|
|b spa
|a UCuenca-cdrjbv
|c UCuenca
|e rda
|
| 041 |
1 |
|
|a spa
|
| 082 |
0 |
|
|2 21
|a 189
|c 53245
|
| 100 |
0 |
|
|9 9150
|a Santo Tomás de Aquino.
|d 1225-1274
|e autor
|
| 245 |
1 |
3 |
|a El ente y la esencia /
|c Santo Tomás de Aquino, trauctor, Manuel Fuentes Benot.
|
| 250 |
|
|
|a Primera edición
|
| 264 |
|
1 |
|a Buenos Aires:
|b Aguilar,
|c 1954.
|
| 300 |
|
|
|a 75 páginas:
|c 15 cm
|
| 336 |
|
|
|2 rdacontent
|a texto
|b txt
|
| 337 |
|
|
|2 rdamedia
|a no mediado
|b n
|
| 338 |
|
|
|2 rdacarrier
|a volumen
|b nc
|
| 490 |
0 |
|
|a Biblioteca de iniciación filosófica
|
| 504 |
|
|
|a incl. ref.
|
| 650 |
1 |
7 |
|2 UCuenca-cdrjbv
|a Filosofía antigua
|9 7329
|
| 651 |
|
|
|2 UCuenca-cdrjbv
|
| 852 |
|
|
|a UC-CDJBV
|
| 942 |
|
|
|c CR
|0 1
|2 ddc
|r luz.vázquez@ucuenca.edu.ec
|
| 999 |
|
|
|c 120954
|d 120954
|